00976nam a22002777a 45000010005000000030009000050050017000140070005000310080033000360200022000690200021000910200022001120400022001340820018001561000027001742450106002012600052003073000042003595050124004016500027005256500024005526500028005766500029006046500032006337000033006650020DO-SdBNP20180223142438.00020150928b2003 co ac spa d a9589308821 (v. 1) a95893083X (v. 2) a9589308408 (v. 3) aBPMSUbspacBPMSU 4a372.21bT525t 4Mesa Plazas, Álvaro.10aTécnicas de la motivación infantil / cÁlvaro Mesa Plas ; ilustradora Olga Acuña Rodríguez. aBogotá, Colombia : bEdiciones Gamma, c2003. a3 v. : bil. ; c28 cm. + e2 CD-Rom. gv.1: t0 a 2 años. --g v.2 : t2 a 12 años. --g v.3 : tTalleres para padres y maestros. -- tCD-Rom interactivo. 2EDUCACIÓN DE NIÑOS 2DESARROLLO INFANTIL 2EDUCACIÓN PREESCOLAR  aMÉTODOS DE ENSEÑANZA 2MOTIVACIÓN EN EDUCACIÓN aRosario Cuélar, Olgaeil.